<?xml version="1.0" encoding="UTF-8"?>
<record
    xmlns:xsi="http://www.w3.org/2001/XMLSchema-instance"
    xsi:schemaLocation="http://www.loc.gov/MARC21/slim http://www.loc.gov/standards/marcxml/schema/MARC21slim.xsd"
    xmlns="http://www.loc.gov/MARC21/slim">

  <leader>01737nam a2200229Ia 4500</leader>
  <controlfield tag="003">OSt</controlfield>
  <controlfield tag="005">20251105123827.0</controlfield>
  <controlfield tag="008">210210b2008   xxu||||| |||| 00| 0 eng d</controlfield>
  <datafield tag="020" ind1=" " ind2=" ">
    <subfield code="a">8177132288</subfield>
  </datafield>
  <datafield tag="040" ind1=" " ind2=" ">
    <subfield code="c">AL</subfield>
  </datafield>
  <datafield tag="041" ind1=" " ind2=" ">
    <subfield code="a">Kannada</subfield>
  </datafield>
  <datafield tag="082" ind1=" " ind2=" ">
    <subfield code="a">305.895487K KANG</subfield>
  </datafield>
  <datafield tag="100" ind1=" " ind2=" ">
    <subfield code="a">KANNADA PUSTAKA PRADHIKARA</subfield>
    <subfield code="d">&#xC95;&#xCA8;&#xCCD;&#xCA8;&#xCA1; &#xCAA;&#xCC1;&#xCB8;&#xCCD;&#xCA4;&#xC95; &#xCAA;&#xCCD;&#xCB0;&#xCBE;&#xCA7;&#xCBF;&#xC95;&#xCBE;&#xCB0;</subfield>
    <subfield code="9">244118</subfield>
  </datafield>
  <datafield tag="245" ind1=" " ind2=" ">
    <subfield code="a">Ghisadi</subfield>
    <subfield code="b">&#xC98;&#xCBF;&#xCB8;&#xCBE;&#xCA1;&#xCBF;</subfield>
  </datafield>
  <datafield tag="260" ind1=" " ind2=" ">
    <subfield code="a">Bengaluru</subfield>
    <subfield code="b">Kannada Pustaka Pradhikara</subfield>
    <subfield code="c">2008</subfield>
  </datafield>
  <datafield tag="300" ind1=" " ind2=" ">
    <subfield code="a">xxx,176</subfield>
  </datafield>
  <datafield tag="520" ind1=" " ind2=" ">
    <subfield code="a">&#xC95;&#xCAC;&#xCCD;&#xCAC;&#xCBF;&#xCA3; &#xCAE;&#xCA4;&#xCCD;&#xCA4;&#xCC1; &#xC87;&#xCA4;&#xCB0;&#xCC6; &#xCB2;&#xCCB;&#xCB9;&#xC97;&#xCB3; &#xCAE;&#xCC1;&#xC96;&#xCCD;&#xCAF; &#xC95;&#xCB8;&#xCC1;&#xCAC;&#xCA8;&#xCCD;&#xCA8;&#xCBE;&#xC97;&#xCBF; &#xC98;&#xCBF;&#xCB8;&#xCBE;&#xCA1;&#xCBF; &#xCB8;&#xCAE;&#xCC1;&#xCA6;&#xCBE;&#xCAF;&#xCB5;&#xCC1; &#xCAE;&#xCBE;&#xCA1;&#xCBF;&#xC95;&#xCCA;&#xC82;&#xCA1;&#xCBF;&#xCA6;&#xCC6;. &#xC98;&#xCBF;&#xCB8;&#xCBE;&#xCA1;&#xCBF; &#xC95;&#xCAE;&#xCCD;&#xCAE;&#xCBE;&#xCB0;&#xCB0;&#xCC1;, &#xCAC;&#xCC8;&#xCB2;&#xCC1; &#xC95;&#xCAE;&#xCCD;&#xCAE;&#xCBE;&#xCB0;&#xCB0;&#xCC1;, &#xCB0;&#xC9C;&#xCAA;&#xCC2;&#xCA4;&#xCCD; &#xC95;&#xCAE;&#xCCD;&#xCAE;&#xCBE;&#xCB0;&#xCCD;, &#xC85;&#xCB2;&#xCC6;&#xCAE;&#xCBE;&#xCB0;&#xCBF; &#xC95;&#xCAE;&#xCCD;&#xCAE;&#xCBE;&#xCB0;&#xCB0;&#xCC1; &#xC88; &#xC8E;&#xCB2;&#xCCD;&#xCB2;&#xCBE; &#xCB9;&#xCC6;&#xCB8;&#xCB0;&#xCC1;&#xC97;&#xCB3;&#xCBF;&#xC82;&#xCA6;&#xCA6;&#xCB2;&#xCC2; &#xC95;&#xCB0;&#xCC6;&#xCAF;&#xCB2;&#xCCD;&#xCAA;&#xCA1;&#xCC1;&#xCA4;&#xCCD;&#xCA4;&#xCBE;&#xCB0;&#xCC6;. &#xC88; &#xCB8;&#xCAE;&#xCC1;&#xCA6;&#xCBE;&#xCAF;&#xCB5;&#xCC1; &#xCAE;&#xCC2;&#xCB2; &#xCB0;&#xCBE;&#xC9C;&#xCB8;&#xCCD;&#xCA5;&#xCBE;&#xCA8;&#xCA6; &#xCAE;&#xCC7;&#xCB5;&#xCBE;&#xCA1; &#xCAA;&#xCCD;&#xCB0;&#xCBE;&#xC82;&#xCA4;&#xCCD;&#xCAF;&#xCB5;&#xCBE;&#xC97;&#xCBF;&#xCA6;&#xCC6;. &#xC8E;&#xCA4;&#xCCD;&#xCA4;&#xCBF;&#xCA8; &#xCAC;&#xC82;&#xCA1;&#xCBF;, &#xC95;&#xCC1;&#xCA6;&#xCC1;&#xCB0;&#xCC6;&#xCAF; &#xC9F;&#xCBE;&#xC82;&#xC97;, &#xC95;&#xCA4;&#xCCD;&#xCA4;&#xCC6;&#xC97;&#xCB3; &#xCAE;&#xCC7;&#xCB2;&#xCC6; &#xCA4;&#xCAE;&#xCCD;&#xCAE; &#xCB8;&#xCB0;&#xC95;&#xCC1;&#xC97;&#xCB3;&#xCA8;&#xCCD;&#xCA8;&#xCC1; &#xCB9;&#xCC7;&#xCB0;&#xCBF;&#xC95;&#xCCA;&#xC82;&#xCA1;&#xCC1; &#xC95;&#xCC6;&#xCB2;&#xCB8; &#xCB9;&#xCC1;&#xCA1;&#xCC1;&#xC95;&#xCBF; &#xC92;&#xC82;&#xCA6;&#xCC1; &#xC8A;&#xCB0;&#xCBF;&#xCA8;&#xCBF;&#xC82;&#xCA6; &#xC87;&#xCA8;&#xCCD;&#xCA8;&#xCCA;&#xC82;&#xCA6;&#xCC1; &#xC8A;&#xCB0;&#xCBF;&#xC97;&#xCC6; &#xCA4;&#xCBF;&#xCB0;&#xCC1;&#xC97;&#xCBE;&#xCA1;&#xCC1;&#xCB5;&#xCC1;&#xCA6;&#xCB0;&#xCBF;&#xC82;&#xCA6; &#xC88; &#xCB8;&#xCAE;&#xCC1;&#xCA6;&#xCBE;&#xCAF;&#xCB5;&#xCC1; &#x201C;&#xC97;&#xCCC;&#xCA1;&#xCBE;&#xCB2;&#xCBF;&#xCAF;&#xCBE; &#xCB2;&#xCCB;&#xCB9;&#xCBE;&#xCB0;&#x201D; &#xC8E;&#xC82;&#xCAC; &#xCB9;&#xCC6;&#xCB8;&#xCB0;&#xCBF;&#xCA8;&#xCBF;&#xC82;&#xCA6;&#xCB2;&#xCC2; &#xC97;&#xCC1;&#xCB0;&#xCC1;&#xCA4;&#xCBF;&#xCB8;&#xCB2;&#xCCD;&#xCAA;&#xCA1;&#xCC1;&#xCA4;&#xCCD;&#xCA4;&#xCBE;&#xCB0;&#xCC6;. </subfield>
  </datafield>
  <datafield tag="650" ind1=" " ind2=" ">
    <subfield code="a">Ghisadi</subfield>
    <subfield code="9">244119</subfield>
  </datafield>
  <datafield tag="690" ind1=" " ind2=" ">
    <subfield code="a">Social Groups</subfield>
    <subfield code="9">244120</subfield>
  </datafield>
  <datafield tag="906" ind1=" " ind2=" ">
    <subfield code="a">064405</subfield>
  </datafield>
  <datafield tag="942" ind1=" " ind2=" ">
    <subfield code="2">ddc</subfield>
    <subfield code="c">BK</subfield>
  </datafield>
  <datafield tag="999" ind1=" " ind2=" ">
    <subfield code="c">116386</subfield>
    <subfield code="d">116386</subfield>
  </datafield>
  <datafield tag="952" ind1=" " ind2=" ">
    <subfield code="0">0</subfield>
    <subfield code="1">0</subfield>
    <subfield code="2">ddc</subfield>
    <subfield code="4">0</subfield>
    <subfield code="7">0</subfield>
    <subfield code="8">SOC</subfield>
    <subfield code="a">AL</subfield>
    <subfield code="b">AL</subfield>
    <subfield code="c">Sociology</subfield>
    <subfield code="d">2021-02-17</subfield>
    <subfield code="e">Kannada Pustaka Pradikara, Bengaluru-560002</subfield>
    <subfield code="g">75.00</subfield>
    <subfield code="l">0</subfield>
    <subfield code="o">305.895487K KANG</subfield>
    <subfield code="p">064405</subfield>
    <subfield code="r">2021-02-17 00:00:00</subfield>
    <subfield code="w">2021-02-17</subfield>
    <subfield code="y">BK</subfield>
  </datafield>
</record>
